[Event "FRA-ch U14 Girls"]
[Site "Calvi"]
[Date "2005.04.23"]
[Round "8"]
[White "Mansion, Melanie"]
[Black "Cechetto, Lea"]
[Result "1/2-1/2"]
[WhiteElo "1580"]
[BlackElo "1760"]
[PlyCount "88"]
[EventDate "2005.04.??"]
[EventType "swiss"]
[EventRounds "9"]
[EventCountry "FRA"]
[SourceTitle "EXT 2006"]
[Source "ChessBase"]
[SourceDate "2005.11.24"]
[SourceVersion "1"]
[SourceVersionDate "2005.11.24"]
[SourceQuality "1"]

1. e4 e5 2. Nf3 Nc6 3. Bc4 Bc5 4. Nc3 Nf6 5. d3 d6 6. h3 h6 7. 0-0 0-0 8. Na4 Na5 9. Nxc5 Nxc4 10. dxc4 dxc5 11. Qxd8 Rxd8 12. Nxe5 Nxe4 13. Bf4 Be6 14. Rfe1 Nd6 15. Nd3 Bxc4 16. Nxc5 b6 17. Ne4 Nxe4 18. Rxe4 Bd5 19. Rd4 c5 20. Rd2 Be6 21. Rad1 Rxd2 22. Rxd2 Bxa2 23. Rd7 Be6 24. Rc7 Kf8 25. Be5 c4 26. c3 b5 27. Rb7 a6 28. Rb8+ Rxb8 29. Bxb8 Ke7 30. Kf1 Bd5 31. g3 Ke6 32. Ke2 Kf5 33. Bd6 g6 34. Ke3 g5 35. Kd4 Bb7 36. Kc5 Ke6 37. Bf8 h5 38. Bh6 g4 39. hxg4 hxg4 40. Kb6 Bc8 41. Kc7 Bd7 42. Kb6 Bc8 43. Kc7 Bd7 44. Kb6 Bc8 1/2-1/2

[Event "FRA-chT2 0405"]
[Site "France"]
[Date "2004.11.06"]
[Round "2.9"]
[White "Mansion, Melanie"]
[Black "Lupfer, Anne Flore"]
[Result "1-0"]
[WhiteElo "1560"]
[BlackElo "1660"]
[PlyCount "45"]
[EventDate "2004.10.10"]
[EventType "team"]
[EventRounds "11"]
[EventCountry "FRA"]
[SourceTitle "EXT 2006"]
[Source "ChessBase"]
[SourceDate "2005.11.24"]
[SourceVersion "1"]
[SourceVersionDate "2005.11.24"]
[SourceQuality "1"]

1. e4 c6 2. Nc3 d5 3. exd5 cxd5 4. d4 Nf6 5. Nf3 Bf5 6. Bb5+ Nc6 7. 0-0 e6 8. Qe2 Be7 9. Bf4 0-0 10. Rfe1 Rc8 11. Rad1 Nb4 12. Rd2 a6 13. Ba4 b5 14. Bb3 Qb6 15. a3 Nc6 16. Red1 Na5 17. Nh4 Bg4 18. f3 Bh5 19. Qe5 Bg6 20. Nxd5 Nxd5 21. Nxg6 Bf6 22. Qd6 Rc6 23. Qxf8# 1-0

[Event "FRA-ch U12 Girls"]
[Site "Le Grand Bornand"]
[Date "2003.??.??"]
[Round "4.10"]
[White "Mansion, Melanie"]
[Black "Bismuth, Sarah"]
[Result "0-1"]
[WhiteElo "1250"]
[BlackElo "1470"]
[PlyCount "66"]
[EventDate "2003.??.??"]
[EventType "swiss"]
[EventRounds "9"]
[EventCountry "FRA"]
[SourceTitle "EXT 2004"]
[Source "ChessBase"]
[SourceDate "2003.11.25"]
[SourceVersion "1"]
[SourceVersionDate "2003.11.25"]
[SourceQuality "1"]

1. e4 e5 2. Nf3 Nc6 3. Bc4 Bc5 4. c3 Nf6 5. d4 exd4 6. cxd4 Bb4+ 7. Nc3 0-0 8. 0-0 Bxc3 9. bxc3 Nxe4 10. Qd3 d5 11. Bb3 Bf5 12. Qe3 Re8 13. Re1 Qd7 14. Qf4 Nxc3 15. Rxe8+ Rxe8 16. Qd2 Ne2+ 17. Kh1 Bg4 18. Ne5 Nxe5 19. dxe5 Nxc1 20. Rxc1 Rxe5 21. Qf4 Re4 22. Qd2 Be6 23. Re1 Rxe1+ 24. Qxe1 h6 25. Bc2 Qc6 26. Qe2 Qc3 27. Qd1 d4 28. h3 Bxa2 29. Kh2 Bc4 30. Bf5 d3 31. g3 b5 32. Qf3 g6 33. Be4 b4 0-1

[Event "FRA-ch U12 Girls"]
[Site "Le Grand Bornand"]
[Date "2003.??.??"]
[Round "6.9"]
[White "Mansion, Melanie"]
[Black "Forgues, Valerie"]
[Result "0-1"]
[WhiteElo "1250"]
[BlackElo "1550"]
[PlyCount "170"]
[EventDate "2003.??.??"]
[EventType "swiss"]
[EventRounds "9"]
[EventCountry "FRA"]
[SourceTitle "EXT 2004"]
[Source "ChessBase"]
[SourceDate "2003.11.25"]
[SourceVersion "1"]
[SourceVersionDate "2003.11.25"]
[SourceQuality "1"]

1. e4 e5 2. Nf3 Nc6 3. Bc4 Bc5 4. c3 Nf6 5. d4 exd4 6. cxd4 Bb4+ 7. Nc3 Nxe4 8. 0-0 Bxc3 9. bxc3 d5 10. Qc2 Bf5 11. Bd3 0-0 12. Re1 Qf6 13. Ng5 Nd6 14. Bf4 h6 15. Bxd6 cxd6 16. Bxf5 Qxg5 17. Bd3 Rfe8 18. Qb3 b6 19. Bb5 Na5 20. Qc2 Rxe1+ 21. Rxe1 Qg6 22. Qe2 Qg5 23. Bd3 g6 24. Qf3 Rc8 25. Ba6 Rd8 26. Bd3 Nc4 27. g3 Kg7 28. Qe2 Nd2 29. f4 Qh5 30. Qxd2 Qf3 31. Rf1 Qg4 32. Qg2 Qh5 33. Re1 Rc8 34. Rc1 Re8 35. h4 Qg4 36. Kh2 Re3 37. Bb5 Qh5 38. Qh3 Qf3 39. Qg2 Qh5 40. Bc6 Re2 41. Rg1 Rxg2+ 42. Rxg2 Qf3 43. Rc2 g5 44. fxg5 hxg5 45. hxg5 Qh5+ 46. Kg1 Qxg5 47. Kg2 Qg6 48. Rf2 Qe4+ 49. Kg1 Qe1+ 50. Kg2 Qxc3 51. Bxd5 Qxd4 52. Rxf7+ Kg6 53. Bb3 d5 54. Rf4 Qd2+ 55. Kh3 d4 56. Rg4+ Kf5 57. Rf4+ Ke5 58. Rh4 Qe2 59. Rh8 Qf1+ 60. Kh2 d3 61. Re8+ Kd6 62. Re6+ Kc5 63. Re5+ Kb4 64. Re4+ Ka5 65. Re5+ b5 66. a4 Qf2+ 67. Kh3 a6 68. Rd5 Qg1 69. Rd6 Qc5 70. Rd8 d2 71. Rxd2 Qc3 72. Rg2 Qxb3 73. axb5 axb5 74. Kh4 Qc4+ 75. Kh3 b4 76. g4 Qf1 77. g5 b3 78. g6 b2 79. g7 Qf5+ 80. Kh2 Qh7+ 81. Kg1 b1Q+ 82. Kf2 Qbc2+ 83. Kf1 Qh1+ 84. Rg1 Qf3+ 85. Ke1 Qce2# 0-1